| 000 | 00475nam a2200133Ia 4500 | ||
|---|---|---|---|
| 008 | 250506s9999 xx 000 0 und d | ||
| 024 | _a07A-19-BS, 07B-25-BS &08B-15-BS | ||
| 082 | _a005.1072 MUH | ||
| 100 | _aM.Noman Khalid, Owais Ahmed Farooqui & Muslah Uddin | ||
| 245 | 0 | _aGPS Based Mobile Tracking Using Browsing Web Portal in Client -Server Environment | |
| 260 |
_aKarachi: _bUIT, _c2008 |
||
| 600 | _aComputer Science | ||
| 650 | _aBachelor of Computer Science (BS) | ||
| 999 |
_c28745 _d28745 |
||